000 01040nam a2200289 a 4500
001 000026143
005 20251017115024.0
008 110302s1995 sp ac r 000 0 spa d
020 _a8476407815
040 _aDO-SdBNP
_bspa
_cBNPHU
041 1 7 _aspa
_heng
_2Código de idioma MARC
082 _a615.5
_bJ65g
100 1 _aJohari, Harish,
_953122
240 1 0 _aThe healing power of gemstones.
_lEspañol
245 1 0 _aEl poder curativo de las gemas :
_bsegún el tantra, la medicina ayurvédica y la astrología hindú /
_cHarish Johari ; traducido por Manuel Algora.
260 _aMadrid, (España) :
_bEditorial Edaf,
_c[1995?].
300 _a270 p. :
_bil., retrs. ;
_c23 cm.
490 1 _aNueva eva
_v49
534 _aTítulo original inglés:
_tThe healing power of gemstones
650 4 _aTerapéutica
_948859
650 0 _aPsicoterapia
_9465
650 0 _aMedicina alternativa
_937050
650 4 _aTerapias alternativas
_953123
700 1 _aAlgora, Manuel
_etr.
_953124
830 0 _aNueva eva ;
_v49
_953125
049 _aBNGR
999 _c25635
_d25635